| 000 | 00909nam a22002537a 4500 | ||
|---|---|---|---|
| 003 | OSt | ||
| 005 | 20140310184354.0 | ||
| 008 | 131007t xxu||||| |||| 00| 0 eng d | ||
| 020 | _a043928368X | ||
| 050 |
_aDT 62.M7 _b.St833 2001 |
||
| 100 |
_aStewart, David, _d1954- _925407 |
||
| 245 |
_aYou wouldn’t want to be an Egyptian mummy! : _bdisgusting things you’d rather not know / _cwritten by David Stewart ; created and designed by David Salariya; illustrated by David Antram. |
||
| 260 |
_aNew York : _bScholastic Inc., _c2001 |
||
| 300 |
_a32 p. : _bcol. ill. ; _c24 cm. |
||
| 520 | _aA light-hearted approach to the process of mummification in ancient Egypt. | ||
| 521 | _aG8 | ||
| 526 | _c950 | ||
| 562 | _e1 | ||
| 650 |
_aMummies _xEgypt _xJuvenile literature. _925408 |
||
| 650 |
_aMummies _910581 |
||
| 650 |
_aEgypt _xAntiquities. _925409 |
||
| 942 |
_2lcc _cBK-SCHOLAS |
||
| 999 |
_c33986 _d33986 |
||